000 00466nam a2200169Ia 4500
005 20250326124258.0
008 250326s9999 xx 000 0 und d
037 _aTextbook
040 _aFMSL
_beng
_cFMSL
041 _aeng
_2eng
084 _aX:517'N65t K5
_qFMSL
245 0 _aReport of the monopolies inquiry commission
260 _aNew Delhi
_bNew Delhi
_c1965
300 _a438p
942 _cTB
_hX:517'N65t K5
999 _c1273071
_d1273071